| 000 | 00342nam a22001457a 4500 | ||
|---|---|---|---|
| 020 | _a978408855669 | ||
| 040 | _cNUST | ||
| 082 | _a813.6,HOS | ||
| 100 | _aHosseini, Khaled | ||
| 245 |
_aThe Kite runner / _cKhaled Hosseini |
||
| 260 |
_auk _bBloomsbury _c2003 |
||
| 300 | _a340 p.; | ||
| 650 |
_aNovel _92525 |
||
| 942 |
_2ddc _cFIC _k813.6,HOS |
||
| 999 |
_c617404 _d617404 |
||